Online
Catalog

Vidas victoriosas / (Record no. 23182)

MARC details
000 -CABECERA
campo de control de longitud fija 00437nam a2200157 a 4500
001 - NÚMERO DE CONTROL
campo de control 000023686
005 - FECHA Y HORA DE LA ÚLTIMA TRANSACCIÓN
campo de control 20200930022407.0
008 - DATOS DE LONGITUD FIJA--INFORMACIÓN GENERAL
campo de control de longitud fija 101218s1957 txu 000 0 spa d
040 ## - FUENTE DE LA CATALOGACIÓN
Centro catalogador/agencia de origen DO-SdBNP
Lengua de catalogación spa
Centro/agencia transcriptor BNPHU
082 ## - NÚMERO DE LA CLASIFICACIÓN DECIMAL DEWEY
Número de clasificación xxx
Número de documento/Ítem P436v
049 ## - FONDOS LOCALES (OCLC)
Fondos de biblioteca BNGR
100 1# - ENTRADA PRINCIPAL--NOMBRE DE PERSONA
Nombre de persona Pereira Alves, A.
9 (RLIN) 40315
245 14 - MENCIÓN DE TÍTULO
Título Vidas victoriosas /
Mención de responsabilidad, etc. A. Pereira Alves.
260 ## - PUBLICACIÓN, DISTRIBUCIÓN, ETC.
Lugar de publicación, distribución, etc. El Paso, Texas, Estados Unidos :
Nombre del editor, distribuidor, etc. Verdad,
Fecha de publicación, distribución, etc. 1957.
300 ## - DESCRIPCIÓN FÍSICA
Extensión 98 p. ;
Dimensiones 17 cm.
Holdings
Estado de retiro Estado de pérdida Restricciones de uso No para préstamo Código de colección Localización permanente Ubicación/localización actual Ubicación en estantería Fecha de adquisición Número de inventario Total de préstamos Signatura topográfica completa Código de barras Fecha visto por última vez Precio válido a partir de Tipo de ítem Koha
        Monografías: Libros y Folletos General General En catalogación 18.12.2010 LF1   xxx P436v 23686-10 25.06.2020 25.06.2020 Préstamo en sala

Powered by Koha